Ngữ pháp tiếng Anh theo chuyên đề : Lí thuyết và bài tập thực hành

Sách trình bày lí thuyết và bài tập thực hành theo các chuyên đề, bài tập củng cố, giới thiệu các đề thi tốt nghiệp Trung học phổ thông và Đại học - Cao đẳng, và đáp án.

שמור ב:
מידע ביבליוגרפי
מחבר ראשי: Nguyễn, Hữu Chấn
פורמט: ספר
שפה:Undetermined
יצא לאור: Hà Nội Giáo dục 2009
נושאים:
תגים: הוספת תג
אין תגיות, היה/י הראשונ/ה לתייג את הרשומה!
Thư viện lưu trữ: Trung tâm Học liệu Trường Đại học Cần Thơ
LEADER 00953nam a2200229Ia 4500
001 CTU_197374
008 210402s9999 xx 000 0 und d
020 |c 31000 
082 |a 425.0712 
082 |b Ch121/T.2 
100 |a Nguyễn, Hữu Chấn 
245 0 |a Ngữ pháp tiếng Anh theo chuyên đề : 
245 0 |b Lí thuyết và bài tập thực hành 
245 0 |c Nguyễn Hữu Chấn 
260 |a Hà Nội 
260 |b Giáo dục 
260 |c 2009 
520 |a Sách trình bày lí thuyết và bài tập thực hành theo các chuyên đề, bài tập củng cố, giới thiệu các đề thi tốt nghiệp Trung học phổ thông và Đại học - Cao đẳng, và đáp án. 
650 |a English language,Tiếng Anh 
650 |x Grammar,Ngữ pháp 
904 |i Hải 
980 |a Trung tâm Học liệu Trường Đại học Cần Thơ